Cricket: Fastest to 8000 Test Runs - Statistics

General Stats
  • This quiz has been taken 42 times
  • The average score is 20 of 22
Answer Stats
Country Year Innings Answer % Correct
WI 2003 164 Brian Lara
100%
IND 2002 154 Sachin Tendulkar
100%
ENG 2021 178 Joe Root
97%
AUS 2006 165 Ricky Ponting
97%
SA 2012 173 Graeme Smith
95%
SL 2010 152 Kumar Sangakkara
95%
AUS 2007 164 Matthew Hayden
95%
IND 2005 158 Rahul Dravid
95%
WI 1991 167 Sir Viv Richards
95%
SA 2017 178 Hashim Amla
92%
ENG 2013 181 Sir Alastair Cook
92%
SL 2009 165 Mahela Jayawardene
89%
AUS 2013 172 Michael Clarke
89%
IND 2011 160 Virender Sehwag
89%
SA 2016 172 AB de Villiers
87%
SA 2006 170 Jacques Kallis
87%
WI 1974 157 Sir Garfield Sobers
87%
IND 1983 166 Sunil Gavaskar
87%
PAK 2014 165 Younis Khan
87%
PAK 2005 175 Inzamam-ul-Haq
84%
ENG 2013 176 Kevin Pietersen
82%
PAK 1990 162 Javed Miandad
76%
No matching quizzes found
Score Distribution
Percent of People with Each Score
Percentile by Number Answered
Your Score History
You have not taken this quiz